Statistics for MLB Offseason 2020

Click here to take the quiz!

General Stats

  • This quiz has been taken 85 times
    (84 since last reset)
  • The average score is 14 of 16

Answer Stats

Old Team Position Transaction New Team Player % Correct
AstrosSPSigningYankeesGerrit Cole
100%
Red SoxOFTradeDodgersMookie Betts
100%
Nationals3BSigningAngelsAnthony Rendon
99%
Braves3BSigningTwinsJosh Donaldson
94%
GiantsSPSigningDiamondbacksMadison Bumgarner
93%
Red SoxSPTradeDodgersDavid Price
93%
DodgersSPSigningBlue JaysHyun-Jin Ryu
91%
CardinalsLFSigningBravesMarcell Ozuna
87%
MetsSPSigningPhilliesZach Wheeler
85%
BrewersCSigningWhite SoxYasmani Grandal
85%
Brewers3BSigningRedsMike Moustakas
85%
CubsOFSigningRedsNick Castellanos
78%
DodgersOFTradeAngelsJoc Pederson
76%
BravesSPSigningWhite SoxDallas Keuchel
72%
CubsSPSigningBravesCole Hamels
70%
Yankees2B/SSSigningPhilliesDidi Gregorious
52%

Score Distribution

Percentile by Number Answered

Percent of People with Each Score

Your Score History

You have not taken this quiz since the last reset